Presidents That Visited Israel - Statistics

General Stats
  • This quiz has been taken 39 times
  • The average score is 9 of 11
Answer Stats
Year Answer % Correct
2013 Barack Obama
100%
2017 Donald Trump
97%
2022 Joe Biden
97%
1994 Bill Clinton
91%
1991 George H.W. Bush
89%
2008 George W. Bush
89%
1977 Jimmy carter
77%
1974 Richard Nixon
77%
1959 Dwight D. Eisenhower
74%
1975 Gerald Ford
74%
1967 Lyndon B. Johnson
71%
No matching quizzes found
Score Distribution
Percent of People with Each Score
Percentile by Number Answered
Your Score History
You have not taken this quiz